|
|
|
|
| LEADER |
00000cam a2200000 4500 |
| 001 |
vtls011753838 |
| 003 |
SK-MaSNL |
| 005 |
20260426000438.0 |
| 008 |
200612s2017 ru abc grn 000 0drus |
| 015 |
|
|
|a SNBZSA2018/06
|
| 020 |
|
|
|a 9785389135352
|q (viazané)
|
| 035 |
|
|
|a urn:nbn:sk:snk-am00csi9
|
| 035 |
|
|
|a urn:nbn:sk:snk-am3hava
|
| 035 |
|
|
|a 2DE5CE09-C620-4DEB-8107-644C5C3D0CA6
|
| 040 |
|
|
|a SNK
|b slo
|c SNK
|e rda
|
| 041 |
0 |
|
|a rus
|
| 043 |
|
|
|a e------
|a ed-----
|a es-----
|
| 044 |
|
|
|a ru
|c RU
|
| 072 |
|
7 |
|a 930.85
|x Dejiny civilizácie. Kultúrne dejiny
|2 konspekt
|
| 080 |
|
|
|a (282.243.7)
|2 2011
|
| 080 |
|
|
|a (4)
|2 2011
|
| 080 |
|
|
|a 930.85
|2 2011
|
| 080 |
|
|
|a 93/94
|2 2011
|
| 080 |
|
|
|a 930
|2 2011
|
| 080 |
|
|
|a (292.464)
|2 2011
|
| 080 |
|
|
|a (4-13)
|2 2011
|
| 080 |
|
|
|a 930-027.541
|2 2011
|
| 080 |
|
|
|a 316.7+ 008
|2 2011
|
| 080 |
|
|
|a (048.8)
|2 2011
|
| 100 |
1 |
|
|a Šaryj, Andrej,
|d 1968-
|4 aut
|9 557979
|
| 245 |
1 |
0 |
|a Dunaj
|b reka imperij
|c Andrej Šaryj
|
| 264 |
|
1 |
|a Moskva
|b KoLibri
|b Azbuka-Attikus
|c 2017
|
| 300 |
|
|
|a 461 strán
|b ilustrácie, mapy, portréty
|c 24 cm
|
| 336 |
|
|
|a text
|b txt
|2 rdacontent
|
| 337 |
|
|
|a bez média
|b n
|2 rdamedia
|
| 338 |
|
|
|a zväzok
|b nc
|2 rdacarrier
|
| 500 |
|
|
|a Krátke biografické informácie o autorovi publikácie na strane 461
|
| 504 |
|
|
|a Bibliografia na strane 455-460
|
| 650 |
0 |
7 |
|a dejiny civilizácie
|2 SNKPH
|9 4306
|
| 650 |
0 |
7 |
|a dejiny
|2 SNKPH
|9 3825
|
| 650 |
0 |
7 |
|a History of civilization
|2 SNKPHeng
|9 286157
|
| 650 |
0 |
7 |
|a History
|2 SNKPHeng
|9 265139
|
| 650 |
0 |
7 |
|a historiografia
|2 SNKPH
|9 3848
|
| 650 |
0 |
7 |
|a Historiography
|2 SNKPHeng
|9 266534
|
| 650 |
0 |
7 |
|a regionálna historiografia
|2 SNKPH
|9 68188
|
| 650 |
0 |
7 |
|a Regional historiography
|2 SNKPHeng
|9 275826
|
| 650 |
0 |
7 |
|a civilizácia
|2 SNKPH
|9 887
|
| 650 |
0 |
7 |
|a Civilization
|2 SNKPHeng
|9 302583
|
| 651 |
|
7 |
|a Dunaj (rieka)
|2 SNKPHgeo
|9 22602
|
| 651 |
|
7 |
|a Danube River
|2 SNKPHeng
|9 162433
|
| 651 |
|
7 |
|a Balkánsky polostrov
|2 SNKPHgeo
|9 116442
|
| 651 |
|
7 |
|a Európa južná
|2 SNKPH
|9 30894
|
| 651 |
|
7 |
|a Balkan Peninsula
|2 SNKPHeng
|9 310526
|
| 651 |
|
7 |
|a Europe, Southern
|2 SNKPHeng
|9 312599
|
| 655 |
|
7 |
|a monografie
|2 SNKPH
|9 70139
|
| 655 |
|
7 |
|a Monographs
|2 SNKPHeng
|9 120675
|
| 919 |
|
|
|a 978-5-389-13535-2
|
| 958 |
|
|
|a ZS
|
| 958 |
|
|
|a NB
|
| 999 |
|
|
|c 855951
|d 857881
|
| 952 |
|
|
|a SNK
|b SNK
|y PREZ
|7 0
|p 17A1323989
|o snkSC 179454
|i snk2018/10048
|8 4
|g 27.53
|0 0
|1 0
|4 0
|d 2018-04-27
|f 1
|l 0
|r 2026-02-24 04:56:13
|w 2026-02-24
|